000 00569nam a22001697a 4500
005 20240305144623.0
008 240305b ||||| |||| 00| 0 eng d
040 _aSSBUL
_cSSBUL
082 _223
_a294.3071
_bHt
100 _aHtun Hmat Win, Sao
_95791
245 1 0 _aLecturers on basic principles of Buddhism and essentials of Burmese /
_cSao Htun Hmat Win.
260 _aRangoon :
_bDepartment of Religious Afrairs,
_c1979.
300 _a49 pages ;
_c19 cm.
500 _aS-SAT: Prof. Sai Aung Tun
650 _aBuddhism
_xStudy and teaching
_937550
942 _2ddc
_cBK1
999 _c32339
_d32339